Examples and problems in mathematical statistics (Record no. 11734)

MARC details
000 -LEADER
fixed length control field 00459nam a2200169Ia 4500
008 - FIXED-LENGTH DATA ELEMENTS--GENERAL INFORMATION
fixed length control field 230917s9999||||xx |||||||||||||| ||und||
020 ## - ISBN
Price USD129.95
040 ## - CATALOGING SOURCE
-- 217619
Original cataloging agency VIVEKANANDA LIBRARY
041 ## - Language
-- English
082 ## - DDC NUMBER
Classification number 519.5 Z12E
100 ## - MAIN ENTRY--PERSONAL NAME
Personal name Zacks, Shelemyahu
245 #0 - TITLE STATEMENT
Title Examples and problems in mathematical statistics
260 ## - PUBLICATION, DISTRIBUTION, ETC. (IMPRINT)
Place of publication, distribution, etc Hoboken
Name of publisher, distributor, etc John Wiley
Date of publication, distribution, etc 2014
300 ## - PHYSICAL DESCRIPTION
Pages xx, 622 p.
500 ## - GENERAL NOTE
General note 1590 08/07/2014 34 08/07/2014 Main Budget
942 ## - ADDED ENTRY ELEMENTS (KOHA)
Koha item type Books
Holdings
Withdrawn status Lost status Damaged status Not for loan Location (home branch) Sublocation or collection (holding branch) Date acquired Koha issues (times borrowed) Koha full call number Accession No. Koha date last seen Koha item type
        VIVEKANANDA LIBRARY VIVEKANANDA LIBRARY 17/07/2014   519.5 Z12E 306933 17/09/2023 Books
        VIVEKANANDA LIBRARY VIVEKANANDA LIBRARY 17/07/2014   519.5 Z12E 346875 17/09/2023 Books
© Designed and Maintained by Vivekananda Library, MDU Rohtak